000 00678nam a2200193Ia 4500
003 GCL
008 140319s9999 xx 000 0 ara d
040 _aGCL /
_cGCL
082 0 4 _aد
_b050
100 1 _aمحمد جابر الانصارى
245 1 0 _aتحولات الفكر والسياسة فى الشرق العربى 1930 - 1970 (عالم المعرفة 35) /
_cمحمد جابر الانصارى
300 _a260 ص
490 _aعالم المعرفة
_v0
650 0 4 _aالمبادئ السياسية
650 0 4 _aالسياسة الخارجية
650 0 4 _aالنظم السياسية
650 0 4 _aالعالم العربى - تاريخ
942 _2ddc
_cBK
999 _c50330
_d50330